000 01025cam a22003137a 4500
003 CHAP
005 20220329142607.0
008 010926s2000 us r 00010 eng d
010 _a85420
011 _a86392
020 _a0748408215
035 _a96930
040 _cCHAP
082 0 4 _a581.13342
_bY8
100 0 0 _aYunus, Mohammad.
_9123351
245 1 0 _aProbing photosynthesis :
_bmechanisms, regulation and adaptation
_c/ed. by Mohammad Yunus, Uday Pathre and Prasanna Mohanty
260 _aLondon :
_bTaylor & Francis,
_c2000.
300 _a558 p.
590 _aBATCH-UPD
_b10
_c20130110
_lUCH01
_h0426
590 _aBATCH-UPD
_b10
_c20130410
_lUCH01
_h0101
590 _aBATCH-UPD
_b10
_c20130914
_lUCH01
_h1434
590 _aCONVERSION
_b10
_c20130109
_lUCH01
_h1347
650 0 4 _aFotosíntesis.
_942737
700 0 _aMohanty, Prasanna.
_977280
700 0 _aPathre, Uday.
_986167
901 _aBK
942 _cLIBRO
949 _a581.13342 Y8
_bBC
_cLIBRO
_d33724000862108
_eLIBRO
_h102184
_i96930
_kI.213410
_si
_t$ 1 700.00
999 _c85420
_d85420